| 000 | 00704na a2200241 4500 | ||
|---|---|---|---|
| 001 | 16308 | ||
| 003 | MIRAKIL | ||
| 005 | 20181213154839.0 | ||
| 008 | 161020b tu 000 0 | ||
| 035 | _a16308 | ||
| 040 |
_aMilas _btur _cTR-AnCHP |
||
| 041 | _atur | ||
| 082 |
_a364.1323 _bB74f 2001 |
||
| 090 | _a364.1323 B74f 2001 | ||
| 100 | _aBölük, Mehmet | ||
| 245 |
_aFazilet'in İstanbul asalakları BİT'ler _cMehmet Bölük |
||
| 246 | _aBİT'ler | ||
| 260 |
_aİstanbul _b[yayl. y.] _c2001 _fAydoğan Matbaası |
||
| 300 |
_a101 s. _bres. _c21 sm. |
||
| 650 |
_aYerel yönetimler _xYolsuzluklar _zİstanbul |
||
| 651 |
_aİstanbul Büyükşehir Belediyesi _zYolsuzluklar |
||
| 942 |
_2dcc _cBKS |
||
| 999 |
_c1938 _d1938 |
||